| 000 | 01317nam a2200301 a 4500 | ||
|---|---|---|---|
| 003 | BLK | ||
| 005 | 20250430130327.0 | ||
| 008 | 250314b bul|||||r ||||||| ||bul|| | ||
| 020 | _a9786190500025 | ||
| 040 | _aBLK | ||
| 041 |
_aBUL _cBUL |
||
| 080 |
_aПедагогическа психология _b37.015.3 _z37.015.3 _9236270 |
||
| 080 |
_aЗанимания в предучилищна възраст _b373.2 _x.015.3 _z373.2.015.3 _9231274 |
||
| 100 | 1 |
_aИванчева, Александра _9268077 |
|
| 245 | 1 | 0 |
_aРазговори през годините с малки и големи _bпедагогическа приказка с неизмислени герои от 6- до 30-годишни _cАлександра Иванчева. |
| 257 | _aBGR | ||
| 260 |
_aСофия _bПАН _c2024 _9209558 _fСофия : Инвестпрес |
||
| 300 |
_a200 с. _c21 см |
||
| 380 | _a3 | ||
| 650 | 0 |
_9244538 _aДетска и педагогическа психология |
|
| 653 |
_9191129 _aмислене |
||
| 852 |
_bП _a37.015/И 25 А |
||
| 856 | 4 |
_qpdf _u |
|
| 856 | 4 |
_qpdf _u |
|
| 942 |
_cKNG _n0 _04 |
||
| 944 |
_cГеновева Генчева _k30530 _lМинев Младен |
||
| 999 |
_c528965 _d528965 |
||